000 00528nam a2200157 4500
001 132741
003 ES-MaACL
007 t|
008 070214s1952 sp r ||||1| spa d
100 1 _aRosell, José María.
_999683
245 1 0 _aMétodos analíticos de laboratorio lactológico y microbiología de las industrias lácteas /
_cJosé María Rosell, Ignacio Dos Santos.
260 _aBarcelona :
_bLabor,
_c1952.
300 _a2 t. :
_bil. ;
_c25 cm.
700 1 _aDos Santos, Ignacio.
_945446
852 _aES-MaACL
_jE-3322-3
999 _c132741
_d132741